00366 2200157 4500001002100000005001500021035002000036245004700056100002200103300000800125260002900133082000800162084001400170990001200184990001200196INLIS00000000000217420250527122334 a0010-05250004661 aIroni Pahlawan Devisa /cJannes Eudes Wawa0 aJannes Eudes Wawa a238 aJakarta :bKompas,c2005 a813 a813 JAN i a0712517 a0712518